| 000 -LEADER |
| fixed length control field |
01693cam a22003734a 4500 |
| 001 - CONTROL NUMBER |
| control field |
13158060 |
| 003 - CONTROL NUMBER IDENTIFIER |
| control field |
OSt |
| 005 - DATE AND TIME OF LATEST TRANSACTION |
| control field |
20211027155752.0 |
| 008 - FIXED-LENGTH DATA ELEMENTS--GENERAL INFORMATION |
| fixed length control field |
030410s2003 maua b 001 0 eng |
| 010 ## - LIBRARY OF CONGRESS CONTROL NUMBER |
| LC control number |
2003048948 |
| 020 ## - INTERNATIONAL STANDARD BOOK NUMBER |
| International Standard Book Number |
8181285840 |
| 038 ## - RECORD CONTENT LICENSOR |
| Staff Name |
khadija |
| 040 ## - CATALOGING SOURCE |
| Original cataloging agency |
DLC |
| Transcribing agency |
DLC |
| Modifying agency |
DLC |
| 042 ## - AUTHENTICATION CODE |
| Authentication code |
pcc |
| 050 00 - LIBRARY OF CONGRESS CALL NUMBER |
| Classification number |
TK7868.S88 |
| Item number |
C44 2007 |
| 082 00 - DEWEY DECIMAL CLASSIFICATION NUMBER |
| Classification number |
621.3973 |
| Edition number |
21 |
| Author Mark |
CHE |
| 100 1# - MAIN ENTRY--PERSONAL NAME |
| Personal name |
Cheung, Vincent S. L. |
| Fuller form of name |
(Vincent Sin-Luen) |
| 9 (RLIN) |
83488 |
| 245 10 - TITLE STATEMENT |
| Title |
Design of low-voltage CMOS switched-opamp switched-capacitor systems / |
| Statement of responsibility, etc. |
by Vincent S.L. Cheung and Howard C. Luong. |
| 260 ## - PUBLICATION, DISTRIBUTION, ETC. |
| Place of publication, distribution, etc. |
Boston : |
| Name of publisher, distributor, etc. |
Kluwer Academic Publishers, |
| Date of publication, distribution, etc. |
c2003. |
| 300 ## - PHYSICAL DESCRIPTION |
| Extent |
xv, 192 p. : |
| Other physical details |
ill. ; |
| Dimensions |
25 cm. |
| 440 #4 - SERIES STATEMENT/ADDED ENTRY--TITLE |
| Title |
The Kluwer international series in engineering and computer science ; |
| Volume/sequential designation |
SECS 737 |
| 9 (RLIN) |
83489 |
| 504 ## - BIBLIOGRAPHY, ETC. NOTE |
| Bibliography, etc. note |
Includes bibliographical references (p. 181-188) and index. |
| 563 ## - BINDING INFORMATION |
| Binding note |
Hardcover |
| 650 #0 - SUBJECT ADDED ENTRY--TOPICAL TERM |
| Topical term or geographic name entry element |
Switched capacitor circuits |
| General subdivision |
Design and construction. |
| 9 (RLIN) |
83490 |
| 650 #0 - SUBJECT ADDED ENTRY--TOPICAL TERM |
| Topical term or geographic name entry element |
Low voltage integrated circuits |
| General subdivision |
Design and construction. |
| 9 (RLIN) |
83484 |
| 650 #0 - SUBJECT ADDED ENTRY--TOPICAL TERM |
| Topical term or geographic name entry element |
Metal oxide semiconductors, Complementary |
| General subdivision |
Design and construction. |
| 9 (RLIN) |
83491 |
| 650 #0 - SUBJECT ADDED ENTRY--TOPICAL TERM |
| Topical term or geographic name entry element |
Operational amplifiers |
| General subdivision |
Design and construction. |
| 9 (RLIN) |
83492 |
| 700 1# - ADDED ENTRY--PERSONAL NAME |
| Personal name |
Luong, Howard C. |
| Fuller form of name |
(Howard Cam) |
| 9 (RLIN) |
83493 |
| 856 42 - ELECTRONIC LOCATION AND ACCESS |
| Materials specified |
Publisher description |
| Uniform Resource Identifier |
<a href="http://www.loc.gov/catdir/enhancements/fy0820/2003048948-d.html">http://www.loc.gov/catdir/enhancements/fy0820/2003048948-d.html</a> |
| 856 41 - ELECTRONIC LOCATION AND ACCESS |
| Materials specified |
Table of contents only |
| Uniform Resource Identifier |
<a href="http://www.loc.gov/catdir/enhancements/fy0820/2003048948-t.html">http://www.loc.gov/catdir/enhancements/fy0820/2003048948-t.html</a> |
| 906 ## - LOCAL DATA ELEMENT F, LDF (RLIN) |
| a |
7 |
| b |
cbc |
| c |
orignew |
| d |
1 |
| e |
ocip |
| f |
20 |
| g |
y-gencatlg |
| 942 ## - ADDED ENTRY ELEMENTS (KOHA) |
| Source of classification or shelving scheme |
|
| Koha item type |
Book |